El sentido teológico de la liturgia: ensayo de liturgia teológica general
Salvato in:
| Autore principale: | |
|---|---|
| Natura: | Libro |
| Lingua: | spagnolo |
| Pubblicazione: |
Madrid
Biblioteca de Autores Cristianos
1959
|
| Serie: | Biblioteca de Autores Cristianos
|
| Soggetti: | |
| Tags: |
Aggiungi Tag
Nessun Tag, puoi essere il primo ad aggiungerne!!
|
MARC
| LEADER | 00000nam a2200000 a 4500 | ||
|---|---|---|---|
| 001 | UCL2440 | ||
| 003 | CL-VaPUC | ||
| 008 | 031024e19590000SP |||||||||||||||||spa|d | ||
| 082 | 0 | 4 | |a 264.36 |b VAG |2 21 |
| 100 | 0 | |a Vagaggini, Cipriano |e author |9 479524 | |
| 245 | 1 | 3 | |a El sentido teológico de la liturgia: ensayo de liturgia teológica general |
| 300 | |a 923 p | ||
| 942 | |c BK | ||
| 945 | |d 20031024 00:00:00 |a vberengu | ||
| 260 | |a Madrid |b Biblioteca de Autores Cristianos |c 1959 | ||
| 650 | 0 | |a Celebraciones litúrgicas |9 468655 | |
| 650 | 0 | |a Sacramentos |9 257270 | |
| 583 | |a last modification |c 20031024 00:00:00 |k Rodrigo Vera | ||
| 490 | 0 | |a Biblioteca de Autores Cristianos | |
| 999 | |c 305747 |d 305745 | ||
| 952 | |0 0 |1 0 |4 0 |6 264_360000000000000_VAG_1959 |7 0 |8 A |9 370114 |a BIBTEO |b BIBTEO |d 2019-11-21 |i 2090945 |o 264.36 VAG 1959 |p 2090945 |r 2025-01-17 |w 2019-11-21 |y BK |k ICR | ||
| 952 | |0 0 |1 0 |4 0 |6 264_360000000000000_VAG_1959 |7 0 |8 A |9 370115 |a BIBTEO |b BIBTEO |d 2019-11-21 |i 2090953 |o 264.36 VAG 1959 |p 2090953 |r 2025-01-17 |w 2019-11-21 |y BK |k ICR | ||
| 952 | |0 0 |1 0 |4 0 |6 264_360000000000000_VAG_1959 |7 0 |8 A |9 370116 |a BIBTEO |b BIBTEO |d 2019-11-21 |i 2090961 |o 264.36 VAG 1959 |p 2090961 |r 2025-01-17 |w 2019-11-21 |y BK |k ICR | ||